| 000 | 00537nam a2200205 a 4500 | ||
|---|---|---|---|
| 005 | 20231101063701.0 | ||
| 008 | 150803s1991 mx r 000 0 spa d | ||
| 020 | _a9683619045 | ||
| 035 | _aUPN01000204712 | ||
| 049 | _aCG | ||
| 050 | 4 |
_aPQ7298.1 R5.7 _bA2.3 |
|
| 100 | 1 |
_aArista, Cuauhtémoc _937901 |
|
| 245 | 1 | 0 |
_aAbejas en el ámbar / _cCuauhtémoc Arista. |
| 260 |
_aMéxico : _bUNAM, _c1991. |
||
| 300 | _a127 p. | ||
| 440 | 3 | _aEl ala del tigre | |
| 650 | 4 |
_aPoesía mexicana _91273 |
|
| 905 | _aLibro | ||
| 999 |
_c176813 _d176813 |
||